000 00639cam a22002411 4500
001 sa 67001901
003 DLC
005 20260227112326.0
008 890614s1965 ii 000 0 maro
010 _asa 67001901
035 _a(OCoLC)19871033
040 _aDLC
_cWaU
_dDLC
042 _apremarc
043 _aa-ii---
050 0 0 _aBL1147
_b.J6
100 1 _aJośī, Pralhāda Narahara,
_d1924-
245 1 0 _aSanta-prasāda.
260 _c[1965]
300 _a5, 128 p.
_c22 cm.
500 _aIn Marathi.
650 0 _aDevotional literature, Indic
_xHistory and criticism.
650 0 _aHindu literature
_xHistory and criticism.
999 _c72920
_d72920